| 000 | 00566nam a2200241 a 4500 | ||
|---|---|---|---|
| 001 | nice12345678 | ||
| 003 | IN_TiNIC | ||
| 005 | 20260116011535.0 | ||
| 008 | 050524s0000 siaa grp 000 0 urd | ||
| 020 |
_a _c100 |
||
| 082 | 0 | 0 |
_a297.52 _bALI |
| 100 | _aAli, Shaikh Barkat | ||
| 245 | _aMiftahul Jannat | ||
| 260 |
_aSialkote _bBarkat a Khan _c0000 |
||
| 300 | _a128p | ||
| 500 | _aincludes index and biblioraphy | ||
| 505 | 2 | _aAppendix | |
| 650 | _aIslam-Prayers | ||
| 700 | 1 | _aAli, Shaikh Barkat | |
| 902 | _bSRS | ||
| 942 | _cBK | ||
| 999 |
_c2461 _d2461 |
||